Hà Nội qua tài liệu và tư liệu lưu trữ : 1873 - 1954

Căn cứ vào tiến trình lịch sử của sự hình thành và phát triển Thành phố Hà Nội từ khi Pháp bắt đầu mở rộng chiến tranh xâm lược Trung - Bắc kỳ, dùng vũ lực quân sự kết hợp với các thủ đoạn chính trị để chiếm và biến Hà Nội thà...

Fuld beskrivelse

Đã lưu trong:
Bibliografiske detaljer
Hovedforfatter: Đào, Thị Diến
Format: Bog
Sprog:Undetermined
Udgivet: Hà Nội Nxb Hà Nội 2010
Fag:
Tags: Tilføj Tag
Ingen Tags, Vær først til at tagge denne postø!
Thư viện lưu trữ: Trung tâm Học liệu Trường Đại học Cần Thơ
LEADER 01974nam a2200229Ia 4500
001 CTU_164563
008 210402s9999 xx 000 0 und d
082 |a 959.731 
082 |b D305/T.2 
100 |a Đào, Thị Diến 
245 0 |a Hà Nội qua tài liệu và tư liệu lưu trữ : 
245 0 |b 1873 - 1954 
245 0 |c Đào Thị Diến (chủ biên) 
260 |a Hà Nội 
260 |b Nxb Hà Nội 
260 |c 2010 
520 |a Căn cứ vào tiến trình lịch sử của sự hình thành và phát triển Thành phố Hà Nội từ khi Pháp bắt đầu mở rộng chiến tranh xâm lược Trung - Bắc kỳ, dùng vũ lực quân sự kết hợp với các thủ đoạn chính trị để chiếm và biến Hà Nội thành “đất bảo hộ” cho đến ngày Thủ đô hoàn toàn được giải phóng; Căn cứ vào nguốn tài liệu hiện đang được bảo quản tại Trung tâm Lưu trữ Quốc gia I phản ánh chính xác tiến trình lịch sử nêu trên, đề tài phản ánh: Sự hình thành và phát triển về mặt địa giới - tổ chức hành chính Thành phố Hà Nội; Sự hình thành các hệ thống giao thông - thuỷ lợi của Thành phố Hà Nội; Vấn đề quy hoạch và quá trình xây dựng Thành phố Hà Nội; Chính sách văn hoá - giáo dục của Thành phố Hà Nội từ 1873 đến 1954 
650 |a Planning,Hà Nội (Việt Nam),Qui hoạch,Education,Giáo dục 
650 |x Hành chính và tổ chức chính trị 
650 |z Hanoi (Vietnam),Hà Nội (Việt Nam),Hanoi (Vietnam),Hà Nội (Việt Nam) 
904 |i Năm 
980 |a Trung tâm Học liệu Trường Đại học Cần Thơ